Jednotný európsky trh pre všetkých

Enregistré dans:
Détails bibliographiques
Auteur principal: Kittová, Zuzana, 1975-
Format: Livre
Langue:slovaque
Publié: Bratislava Zastúpenie Európskej komisie na Slovensku 2007
Sujets:
Tags: Ajouter un tag
Pas de tags, Soyez le premier à ajouter un tag!

MARC

LEADER 00000nam$a2200000$$$4500
001 0078695
005 20240502071913.2
020 |a 978-80-969951-6-5 
041 0 |a slo 
044 |a SK 
245 1 0 |a Jednotný európsky trh pre všetkých  |c Zuzana Kittová 
264 1 |a Bratislava  |b Zastúpenie Európskej komisie na Slovensku  |c 2007 
300 |a 77 s. 
610 2 0 |a trh spoločný 
610 2 0 |a Európska únia 
610 2 0 |a pohyb tovaru 
610 2 0 |a pohyb služieb voľný 
610 2 0 |a pohyb síl pracovných medzinárodný 
610 2 0 |a pohyb kapitálu 
610 2 0 |a opatrenia 
100 1 |a Kittová, Zuzana, 1975-